南海電鉄の駅(五十音順) - Statistics

General Stats
  • This quiz has been taken 15 times
  • The average score is 59 of 105
Answer Stats
頭文字 路線 駅名 % Correct
南海本線/高野線 新今宮
92%
南海本線/高野線 天下茶屋
92%
泉北線 和泉中央
83%
南海本線/高野線/汐見橋線 岸里玉出
83%
鋼索線 高野山
83%
南海本線
83%
南海本線/高野線 難波
83%
高野線 今宮戎
75%
高野線 河内長野
75%
高野線 紀見峠
75%
高野線/鋼索線 極楽橋
75%
高野線 堺東
75%
汐見橋線 汐見橋
75%
南海本線 住吉大社
75%
高野線/泉北線 中百舌鳥
75%
高野線 橋本
75%
南海本線 浜寺公園
75%
高野線 林間田園都市
75%
南海本線/加太線/和歌山港線 和歌山市
75%
南海本線/空港線 泉佐野
67%
高野線 大阪狭山市
67%
南海本線 貝塚
67%
加太線 加太
67%
空港線 関西空港
67%
高野線 紀伊神谷
67%
南海本線 岸和田
67%
高師浜線 伽羅橋
67%
南海本線 孝子
67%
高野線 金剛
67%
南海本線 高石
67%
泉北線 栂・美木多
67%
高野線 萩ノ茶屋
67%
南海本線/高師浜線 羽衣
67%
空港線 りんくうタウン
67%
和歌山港線 和歌山港
67%
南海本線 泉大津
58%
南海本線 尾崎
58%
南海本線/加太線 紀ノ川
58%
高野線 高野下
58%
高野線 狭山
58%
南海本線 住ノ江
58%
高師浜線 高師浜
58%
多奈川線 多奈川
58%
南海本線 樽井
58%
高野線 千代田
58%
南海本線 二色浜
58%
汐見橋線 西天下茶屋
58%
南海本線 羽倉崎
58%
多奈川線 深日港
58%
多奈川線 深日町
58%
高野線 美加の台
58%
高野線 三国ヶ丘
58%
南海本線/多奈川線 みさき公園
58%
高野線 三日市町
58%
南海本線
58%
高野線 百舌鳥八幡
58%
南海本線 和歌山大学前
58%
汐見橋線 芦原町
50%
南海本線 和泉大宮
50%
泉北線 泉ケ丘
50%
南海本線 岡田浦
50%
高野線 上古沢
50%
高野線 学文路
50%
高野線 紀伊細川
50%
汐見橋線 木津川
50%
高野線 九度山
50%
泉北線 光明池
50%
南海本線 粉浜
50%
南海本線 七道
50%
高野線 住吉東
50%
高野線 滝谷
50%
南海本線 蛸地蔵
50%
南海本線 忠岡
50%
南海本線 淡輪
50%
南海本線 鳥取ノ荘
50%
加太線 中松江
50%
南海本線 箱作
50%
加太線 東松江
50%
泉北線 深井
50%
高野線 天見
42%
南海本線 石津川
42%
加太線 磯ノ浦
42%
南海本線 井原里
42%
南海本線 北助松
42%
高野線 北野田
42%
南海本線 諏訪ノ森
42%
高野線 帝塚山
42%
加太線 八幡前
42%
南海本線 春木
42%
南海本線 松ノ浜
42%
高野線 浅香山
33%
高野線 我孫子前
33%
高野線 紀伊清水
33%
高野線 下古沢
33%
高野線 白鷺
33%
汐見橋線 津守
33%
加太線 西ノ庄
33%
高野線 萩原天神
33%
高野線 御幸辻
33%
南海本線 吉見ノ里
33%
高野線 沢ノ町
25%
高野線 千早口
25%
加太線 二里ヶ浜
25%
高野線 初芝
25%
南海本線 鶴原
17%
No matching quizzes found
Score Distribution
Percent of People with Each Score
Percentile by Number Answered
Your Score History
You have not taken this quiz